000 00414nam a2200145 i 4500
001 bg
100 1 _aWERNICKI, Zbigniew
245 0 _aDynamika procesów cieplnych :
_bprzepływ ciepła w piecach grzejnych /
_cZbigniew Wernicki, Irena Kreżołek.
260 _aCzęstochowa,
_c1976.
700 1 _aKREŻOŁEK, Irena
040 _cBPK
041 _apol
942 _cKS
008 s pl f |000 0 pol
999 _c17224
_d17224
856 _uhttp://koha.tu.koszalin.pl/cgi-bin/koha/opac-detail.pl?biblionumber=17224
_yKatalog online BPK